000 00596nam a2200241 a 4500
001 0001-1334
003 ELIB.Books
008 150825 2010 eng
020 _a0943432677
035 _a(ELIB.Books)0001-1489
092 _a248.4
_bBus
100 _aBuscaglia, Leo.
245 _aBus 9 to Paradise
260 _aNew York
_bLeo F. Buscaglia, Inc.
_c1989
300 _a276
_c24 Cm
500 _aDr. Min Oo
650 _aChristian Life
856 _nKBTS: Library
_uKBTS: Elib
942 _2ddc
_cBK
990 _a1
998 _cbat
_e2015-08-25
999 _c11334
_d11334